| 000 -LEADER |
| fixed length control field |
01306pab a2200205 454500 |
| 008 - FIXED-LENGTH DATA ELEMENTS--GENERAL INFORMATION |
| fixed length control field |
180718b2009 xxu||||| |||| 00| 0 eng d |
| 100 ## - MAIN ENTRY--PERSONAL NAME |
| Personal name |
Salgaonkar, Seema |
| 245 ## - TITLE STATEMENT |
| Title |
Panchayats and women self help groups: understanding the symbiosis |
| 260 ## - PUBLICATION, DISTRIBUTION, ETC. |
| Date of publication, distribution, etc. |
2009 |
| 300 ## - PHYSICAL DESCRIPTION |
| Extent |
p.481-94. |
| 362 ## - DATES OF PUBLICATION AND/OR SEQUENTIAL DESIGNATION |
| Dates of publication and/or sequential designation |
Apr-Jun |
| 520 ## - SUMMARY, ETC. |
| Summary, etc. |
Empowerment of women emphasizes on creation of environment which promotes equality between women and men. The state has, through it policies, planning and schemes, tried to create this environment. The National Perspective Plan for Women (1988) emphasized on two aspects, the economic development and integration of women into the mainstream of our economy, and equity and social justice to all women. The more recent efforts of the state in this direction has been dual, provision of thirty-three percent reservation for women in Panchayat Raj Institutions and promotion of micro credit scheme of Women Self Help Groups (WSHGs). Both these measures possessing independent capacities of bringing in positive change, if synergized can bring in silent revolution at grassroots. - Reproduced. |
| 650 ## - SUBJECT ADDED ENTRY--TOPICAL TERM |
| Topical term or geographic name entry element |
Self help |
| 650 ## - SUBJECT ADDED ENTRY--TOPICAL TERM |
| Topical term or geographic name entry element |
Women |
| 650 ## - SUBJECT ADDED ENTRY--TOPICAL TERM |
| Topical term or geographic name entry element |
Panchayat |
| 700 ## - ADDED ENTRY--PERSONAL NAME |
| Personal name |
Salgaonkar, Pradeep B. |
| 773 ## - HOST ITEM ENTRY |
| Main entry heading |
Indian Journal of Political Science |
| 908 ## - PUT COMMAND PARAMETER (RLIN) |
| Put command parameter |
N |
| 909 ## - |
| -- |
84150 |